00461nam a2200145Ia 4500008004100000041000800041082001200049100001800061245003700079260002800116300002400144365001100168999001700179952011900196240624s9999 xx 000 0 und d aeng a954 THA aTHAPAR ROMILA aREADINGS IN EARLY INDIAN HISTORY c2013aNew DelhibOxford a492 : p. : cm. ; 22 cRSb31 c22257d22257 00104070aIMTNbIMTNcRack 41-Bd2014-02-19eIBHg650.00o954 THAp22257r2024-06-24 00:00:00t1w2024-06-24yBK